| 000 | 00831cam a2200277Ia 4500 | ||
|---|---|---|---|
| 020 | _a0021092613 | ||
| 020 | _a0021092621 | ||
| 020 | _a002109263X | ||
| 020 | _a0021092648 | ||
| 020 | _a0021092656 | ||
| 020 | _a0021092664 | ||
| 020 | _a0021092672 | ||
| 020 | _a0021092680 | ||
| 020 | _a0021092699 | ||
| 040 | _cGZI | ||
| 082 | _a511 MAC 1994 A025 Or. | ||
| 245 | 0 | 0 | _aMathematics in action / |
| 260 |
_aNew York : _bMacmillan/McGraw-Hill School Pub. Co., _cc1994 |
||
| 300 |
_a9 v. : _bcol. ill. ; _c27-31 cm. + _eteacher's ed. (9 v. in 17 : col. ill. ; 28 cm.) + Practice + Testing program + Performance assessment |
||
| 500 | _aFor Grades K-8 | ||
| 500 | _aIncludes indexes | ||
| 650 | 0 | _aMathematics | |
| 700 | 1 | _aJackson, Audrey L | |
| 710 | 2 | _aMacmillan/McGraw-Hill School Publishing Company | |
| 942 | _cEK | ||
| 999 |
_c13513 _d13513 |
||